Welcome to the Holygrace Academy Library

Please use search bar below to get started

THE BIG BOOK OF RECORDS (Record no. 1887)

MARC details
000 -LEADER
fixed length control field 00310nam a22001337a 4500
020 ## - INTERNATIONAL STANDARD BOOK NUMBER
ISBN 0-7097-1575-7
082 ## - DEWEY DECIMAL CLASSIFICATION NUMBER
Classification number 001
Item number SPU/B
100 ## - MAIN ENTRY--AUTHOR NAME
Personal name SPURGEON, MAUREEN
245 ## - TITLE STATEMENT
Title THE BIG BOOK OF RECORDS
260 ## - PUBLICATION, DISTRIBUTION, ETC. (IMPRINT)
Place of publication ENGLAND
Name of publisher BROWN WATSON
Year of publication 2003
300 ## - PHYSICAL DESCRIPTION
Number of Pages 185
650 ## - SUBJECT ADDED ENTRY--TOPICAL TERM
Topical Term GENERAL KNOWLEDGE
Geographic subdivision ENGLAND
942 ## - ADDED ENTRY ELEMENTS (KOHA)
Koha item type Books
Holdings
Withdrawn status Lost status Collection code Home library Current library Shelving location Date acquired Source of acquisition Cost, normal purchase price Full call number Accession Number Koha item type
    Reference Main Library Main Library SHELF 1-C ENCYCLOPEDIAS ,G K REFERENCE 02/04/2007 purchase 695.00 001 SPU/B 01898 Books